000 02394nam0a2200385 4500
001 RU\NLR\BIBL_A\012426261
005 20210217170754.0
010 _a978-5-9961-2303-2
_9500
021 _aRU
_bКН-П-20-051662
_9КН-П-20-3879
035 _a(NLR Aleph) 012426261
035 _a(RuMoRGB)010414707
090 _a11851807
_c11851807
100 _a20201223d2020 u y0rusy50 ca
101 0 _arus
102 _aRU
105 _aa|||jzzz000zy
181 0 _ai
_baxxe
182 0 _an
200 1 _aИзменение прочностных свойств нефтепроводов после длительной эксплуатации
_eучебное пособие
_e[для студентов по направлению 21.03.01 "Нефтегазовое дело" по профилю: Проектирование, сооружение и эксплуатация газонефтепроводов и газонефтехранилищ]
_fА. А. Тарасенко, П. В. Чепур
_gМинистерство науки и высшего образования Российской Федерации, Федеральное государственное бюджетное образовательное учреждение высшего образования "Тюменский индустриальный университет"
203 _aТекст
_bвизуальный
_cнепосредственный
210 _aТюмень
_cТИУ
_d2020
215 _a79 с.
_cил., табл.
_d21
225 1 _aUniversity
320 _aБиблиогр.: с. 76-77 (24 назв.)
606 1 _aНефтепроводы
_xПрочность
_jУчебные издания для высших учебных заведений
_2nlr_sh1
_2nlr_sh2
_3RU\NLR\AUTH\66754934
606 1 _aНефтепроводы
_xРемонт
_jУчебные издания для высших учебных заведений
_2nlr_sh1
_2nlr_sh2
_3RU\NLR\AUTH\661270159
686 1 _aО77-022.84я73-1
686 1 _aО77-083я73-1
700 1 _aТарасенко
_bА. А.
_cд-р техн. наук
_f1964-
_gАлександр Алексеевич
_3RU\NLR\AUTH\77117066
701 1 _aЧепур
_bП.В.
_gПетр Владимирович
942 _cBOOK
980 _aNBR
980 _aNB